Name der Wiener Straße - Statistiken

Allgemein
  • Dieses Quiz wurde 24 mal gespielt
  • Das Durchschnittsergebnis liegt bei 4 aus 10
Antwortstatistiken
Hinweis Antwort % Korrekt
Die größte Einkaufsstraße Wiens Marriahilferstraße
95%
Die Straße um die Innenstadt herum Ringstraße
79%
Auch die name von ein U6 Station und es gibt Millennium City Handelskai
53%
Auch ein gröste Einkaufsstraße, Von Stephansplatz um Oper Kärntner Straße
47%
führt durch Kagran, und das City Gate Wagramer Straße
42%
Verbindet Praterstern mit dem oben genannten Lassallestrasse
16%
Grenzen Donaupark und beginnt in Neue Donau U6 nach Alte Donau U1 Arbeiterstrandbadstraße
11%
Die Grenze zwischen Prater und Messe Prater hat Ausfahrten auf diese Straße. Ausstellungsstraße
11%
Wo Schönbrunn liegt Schönbrunner Schlossstraße
5%
Eine der Hauptstraßen von Wien Mitte Marxergasse
0%
Keine übereinstimmenden Quizze gefunden
Verteilung der Resultate
Anzahl Personen mit jedem Resultat
Perzentil nach korrekt beantworteten Fragen
Ihre Resultats-Entwicklung
Sie haben dieses Quiz noch nicht gespielt